Presidente Don Horacio Vásquez Lajara y Doña Trina Moya de Vásquez : (Registro nro. 7689)

Detalles MARC
000 -LIDER
fixed length control field 00981nam a2200265 a 4500
001 - NÚMERO DE CONTROL
Identificador de número de control 000025021
003 - IDENTIFICACDOR DE NÚMERO DE CONTROL
control field DO-SdBNP
005 - DATE AND TIME OF LATEST TRANSACTION
control field 20180320100306.0
007 - CAMPOS FIJOS DE DESCRIPCIÓN FÍSICA
fixed length control field 000025021
008 - ELEMENTOS DE LONGITUD FIJA
fixed length control field 110209s2007 dr ac 000 0 spa d
020 ## - ISBN
International Standard Book Number 9780979226403
040 ## - FUENTE DE CATALOGACIÓN
Agencia que crea de manera original el registro BPMSU
Idioma de catalogación spa
Agencia que realiza la transcripción BPMSU
049 ## - LOCAL HOLDINGS (OCLC)
Holding library BNPD
092 ## - LOCALLY ASSIGNED DEWEY DECIMAL CALL NUMBER
Número de clasificación xxx
Número de ítem (Cutter) B726p
100 1# - ASIENTO PRINCIPAL -- NOMBRE PERSONAL
Nombre personal Borbón Parma, Edita de
245 10 - MENCIÓN DE TITULO
Título Presidente Don Horacio Vásquez Lajara y Doña Trina Moya de Vásquez :
Subtítulo la verdad sobre su descendencia vinculada a la familia real española desde los tiempos coloniales y víctimas de la dictadura de Trujillo /
Mención de responsabilidad Edita de Borbón Parma.
260 ## - PUBLICACIÓN, DISTRIBUCIÓN, ETC. (PIE DE IMPRENTA)
Lugar de publicación, distribución, etc [Santo Domingo] :
Nombre del editor, distribuidor, etc. Razón Real, limited,
Fecha de publicación, distribución, etc 2007.
300 ## - DESCRIPCIÓN FÍSICA
Extensión v. :
Otros detalles físicos il., retr. ;
Dimensiones 29 cm.
500 ## - NOTA GENERAL
Nota general La biblioteca posee el volumen I
930 #1 - EQUIVALENCE OR CROSS-REFERENCE-UNIFORM TITLE HEADING [LOCAL, CANADA]
Language of a work BND01
Medium of performance for music LF1
Field link and sequence number 20110415
Date of a work 04
Name of part/section of a work CT
Miscellaneous information 22805
942 ## - ADDED ENTRY ELEMENTS (KOHA)
Source of classification or shelving scheme Dewey Decimal Classification
Koha item type Libros
945 ## - INFORMACIÓN DE PROCESAMIENTO LOCAL
Información de procesamiento local inventariado, 2018 / dg
956 ## - LOCAL ELECTRONIC LOCATION AND ACCESS (OCLC)
Nombre de host IGARCIA
Número de acceso 10
Información de compresión 20110209
Inicio de sesión BND01
Procesador de solicitud 0931
956 ## - LOCAL ELECTRONIC LOCATION AND ACCESS (OCLC)
Nombre de host VMATEO
Número de acceso 10
Información de compresión 20150423
Inicio de sesión BND01
Procesador de solicitud 00151
Existencias
Withdrawn status Lost status Source of classification or shelving scheme Damaged status Not for loan Home library Current library Date acquired Total Checkouts Barcode Date last seen Price effective from Koha item type
    Dewey Decimal Classification     Biblioteca Pública Metropolitana Salomé Ureña Biblioteca Pública Metropolitana Salomé Ureña 04/23/2015   BPMSU15040020 04/23/2015 04/23/2015 Libros